Základy účetnictví

Všeobecne uznávané zásady a predpoklady - predstavujú základné pravidlá, ktoré bude musieť účtovná jednotka pri využívaní účtovnej metódy (pri oceňovaní, účtovaní, zostavovaní účtovnej závierky) rešpektovať. Ak by účtovné predpoklady a zásady neexistovali, každý podnik by si vytvoril svoje individuá...

Descripción completa

Guardado en:
Detalles Bibliográficos
Autor principal: Dvořáková, Dana
Formato: Capítulo de libro
Lenguaje:checo
Materias:
Etiquetas: Agregar Etiqueta
Sin Etiquetas, Sea el primero en etiquetar este registro!

MARC

LEADER 00000naa$a2200000$$$4500
001 0071113
005 20230925090908.9
041 0 |a cze 
044 |a CZ 
245 1 0 |a Základy účetnictví  |c Dana Dvořáková 
520 |a Všeobecne uznávané zásady a predpoklady - predstavujú základné pravidlá, ktoré bude musieť účtovná jednotka pri využívaní účtovnej metódy (pri oceňovaní, účtovaní, zostavovaní účtovnej závierky) rešpektovať. Ak by účtovné predpoklady a zásady neexistovali, každý podnik by si vytvoril svoje individuálne pravidlá a prístupy. Výsledky účtovníctva predkladané formou účtovnej závierky by boli medzi rôznymi podnikmi neporovnateľné. 
610 2 0 |a účtovníctvo 
610 2 0 |a jednotka účtovná 
610 2 0 |a pravidlá účtovné 
100 1 |a Dvořáková, Dana